000 00480nam a22001937a 4500
003 MPLRDC
005 20220105061104.0
008 210129b ||||| |||| 00| 0 eng d
020 _a978-7-214-05508-8
082 _a857.7 HXY
100 _a黄晓阳
245 _a奸商
_c
250 _a初版一刷
260 _a中国
_b江苏人民出版社
_c2010
300 _b
520 _a上架 2017-05-01。
650 _a中国文学--长篇小说
942 _cBK
_o857.7 HXY
999 _c68635
_d68625